| 000 | 00532nam a22001817a 4500 | ||
|---|---|---|---|
| 005 | 20240809134906.0 | ||
| 008 | 240809b |||||||| |||| 00| 0 eng d | ||
| 020 | _a0409016772 | ||
| 022 | _a03789373 | ||
| 041 | _aEnglish | ||
| 082 | _a349 SOU | ||
| 100 | _lEnglish | ||
| 245 | _aIndex and Noter-Up to the South African Law Reports 1991-93 | ||
| 260 |
_aDurban: _bButterworth Publishers (Pty) Ltd, _c1994 |
||
| 300 |
_b340 pages; _c25 cm. |
||
| 650 |
_aLegal practice _bLaw |
||
| 942 |
_cBK _6ALISON_BN_VRIES |
||
| 999 |
_c2558 _d2558 |
||